000
00248 a2200073 4500
245
0
_a
Anglo-russkij ucebnyj slovar' po avtomaticeskoj obrabotke informacii na EVM /
_c
.
710
2
_a
Visca Skola.
_e
Wydawca
_4
pbl
260
_a
Kiev :
_b
Visca Skola,
_c
1985.
300
_a
176 s.;
_c
17 cm.
999
_c
3095
_d
3095